Intuición y trascendencia en la razón poética / (Record no. 178767)

MARC details
000 -LEADER
campo de control de longitud fija 01122nam a2200289 4500
001 - NÚMERO DE CONTROL
campo de control 178767
003 - IDENTIFICADOR DE NÚMERO DE CONTROL
campo de control ES-MaACL
005 - FECHA Y HORA DE LA ÚLTIMA TRANSACCIÓN
campo de control 20240129115651.0
008 - DATOS DE LONGITUD FIJA--INFORMACIÓN GENERAL
campo de control de longitud fija 110617s2009 sp co |||| |dspa d
020 ## - NÚMERO INTERNACIONAL ESTÁNDAR DEL LIBRO
Número Internacional Estándar del Libro 978-84-8382-803-8
080 ## - NÚMERO DE LA CLASIFICACIÓN DECIMAL UNIVERSAL
Número de la Clasificación Decimal Universal 1 Zambrano, María
080 ## - NÚMERO DE LA CLASIFICACIÓN DECIMAL UNIVERSAL
Número de la Clasificación Decimal Universal 821.134.2-14"19"
100 1# - ENTRADA PRINCIPAL--NOMBRE DE PERSONA
Nombre de persona Millán Padilla, Ascensión.
9 (RLIN) 147230
245 10 - MENCIÓN DEL TÍTULO
Título Intuición y trascendencia en la razón poética /
Mención de responsabilidad, etc. Ascensión Millán Padilla.
250 ## - MENCION DE EDICION
Mención de edición 1ª ed. en Ediciones Idea.
260 ## - PUBLICACIÓN, DISTRIBUCIÓN, ETC.
Lugar de publicación, distribución, etc. Santa Cruz de Tenerife ;
-- Las Palmas de Gran Canaria :
Nombre del editor, distribuidor, etc. Idea,
Fecha de publicación, distribución, etc. 2009.
300 ## - DESCRIPCIÓN FÍSICA
Extensión 462 p. :
Otras características físicas il. ;
Dimensiones 20 cm.
490 1# - MENCIÓN DE SERIE
Mención de serie Estudio general
504 ## - NOTA DE BIBLIOGRAFÍA, ETC.
Nota de bibliografía, etc. Bibliografía: p. 382.
505 8# - NOTA DE CONTENIDO CON FORMATO
Nota de contenido con formato Con una selección de poemas de Ascensión Millán Padilla, p. 385-444
600 14 - PUNTO DE ACCESO ADICIONAL DE MATERIA--NOMBRE DE PERSONA
Nombre de persona Zambrano, María, 1904-1991-
Subdivisión general Crítica e interpretación
9 (RLIN) 117916
600 14 - PUNTO DE ACCESO ADICIONAL DE MATERIA--NOMBRE DE PERSONA
Nombre de persona Millán Padilla, Ascensión.
9 (RLIN) 147230
830 1# - PUNTO DE ACCESO ADICIONAL DE SERIE-TÍTULO UNIFORME
Título uniforme Estudio general
9 (RLIN) 191443
852 4# - LOCALIZACIÓN
Ubicación ES-MaACL
Número de control de estantería A-11294
itemnumber 185628
Sublocalización o colección R.145520
Ubicación en estantería Depósito 1
Signatura antigua Olim: N-4298
Encuadernación Donación: José Esteban
942 ## - ELEMENTOS DE ENTRADA SECUNDARIOS (KOHA)
Fuente del sistema de clasificación o colocación Clasificación decimal universal
Tipo de ítem Koha Libro impreso
Holdings
Estatus retirado Estado de pérdida Fuente del sistema de clasificación o colocación Estado de daño No para préstamo Biblioteca de origen Biblioteca actual Ubicación en estantería Fecha de adquisición Fuente de adquisición Total de préstamos Signatura topográfica completa Código de barras Visto por última vez Precio de reemplazo Tipo de ítem Koha
    Clasificación decimal universal     Biblioteca del Ateneo de Madrid Biblioteca del Ateneo de Madrid Depósito 1 17/06/2011 Donación   A-11294 1187780 23/02/2023 23/02/2023 Libro impreso